كتاب رسوم القضاه / (رقم التسجيلة. 2778)
[ عرض عادي ]
| 000 -الفاتح | |
|---|---|
| عناصر البيانات ثابتة الطول | 00759cam a2200181 i 4500 |
| 005 - تاريخ ووقت آخر معاملة | |
| حقل ضبط | 20251215105539.0 |
| 008 - عناصر البيانات ثابتة الطول | |
| عناصر البيانات ثابتة الطول | 250721s1985 iq gr 000 0 ara d |
| 082 14 - رقم تصنيف ديوي العشري | |
| رقم التصنيف | 216,9 |
| رقم المادة | س م ر |
| 100 1# - مدخل رئيسي – اسم شخصي | |
| الاسم الشخصي | السمرقندي، أبو نصر أحمد بن محمد |
| علاقة الشخص بالعمل/ دوره | مؤلف. |
| 245 10 - بيان العنوان | |
| العنوان | كتاب رسوم القضاه / |
| بيان المسؤولية | من املاء الحاكم الامام ابي نصر احمد بن محمد السمرقندي ؛ بتحقيق محمد جاسم الحديثي. |
| 264 31 - بيانات النشر، التوزيع…إلخ | |
| مكان النشر، التوزيع...إلخ | بغداد : |
| اسم الناشر، الموزع...إلخ | الدار الوطنية، |
| تاريخ النشر، التوزيع...إلخ | 1985. |
| 300 ## - الوصف المادي | |
| عدد الوحدات المكونة للوعاء | 289صفحه. |
| 490 0# - بيان السلسلة | |
| عنوان السلسلة | كتب التراث ؛ |
| رقم الوعاء في السلسلة | 124 |
| 650 17 - مدخل إضافي بالموضوع - مصطلح موضوعي | |
| مصطلح موضوعي أو اسم جغرافي كعنصر مدخل | الأحكام السلطانية. |
| 700 1# - مدخل إضافي - اسم شخصي | |
| الاسم الشخصي | الحديثي، محمد جاسم |
| علاقة الشخص بالعمل/ دوره | تحقيق. |
| 942 ## - بيانات إضافية (كوها) | |
| نوع التنصيف | Dewey Decimal Classification |
| نوع المادة (كوها) | كتب |
| حالة السحب | حالة الفقدان | مصدر التصنيف | حالة التلف | غير قابل للإعارة | المكتبة الرئيسية | المكتبة الحالية | موقع الرف | تاريخ التزويد | الرقم المتسلسل | Total Checkouts | رقم الإستدعاء | الباركود | تاريخ آخر ظهور | تاريخ الفاتورة | نوع المادة (كوها) |
|---|---|---|---|---|---|---|---|---|---|---|---|---|---|---|---|
| Dewey Decimal Classification | المكتبة المركزية | المكتبة المركزية | الإعارة | 06/07/2004 | 111981 | 216,9 / س م ر | 111981 | 28/07/2025 | 06/07/2004 | كتب |